Finansovo-kreditnyje ryčagi effektivnosti proizvodstva

Uložené v:
Podrobná bibliografia
Médium: Kniha
Jazyk:Russian
Vydavateľské údaje: Kijev Naukova dumka 1981
Tagy: Pridať tag
Žiadne tagy, Buďte prvý, kto otaguje tento záznam!

MARC

LEADER 00000nam a2200000 4500
001 c128727
005 20041019155244.3
041 0 |a rus 
044 |a UA 
245 1 0 |a Finansovo-kreditnyje ryčagi effektivnosti proizvodstva 
264 1 |a Kijev  |b Naukova dumka  |c 1981 
300 |a 269 s.